Normal view
MARC view
- إعداد المادة العلمية :خبراء مركز الخبرات المهنية للإدارة..بميك ؛ إشراف عبد الرحمن توفيق
Entry Personal Name
001 - CONTROL NUMBER
- control field: 34114
003 - CONTROL NUMBER IDENTIFIER
- control field: JO-AjAnu
005 - DATE AND TIME OF LATEST TRANSACTION
- control field: 20230606075721.0
008 - FIXED-LENGTH DATA ELEMENTS
- fixed length control field: 230606|| aca||aabn | a|a d
040 ## - CATALOGING SOURCE
- Original cataloging agency: JO-AjAnu
- Transcribing agency: JO-AjAnu
100 ## - HEADING--PERSONAL NAME
- Personal name: إعداد المادة العلمية :خبراء مركز الخبرات المهنية للإدارة..بميك ؛ إشراف عبد الرحمن توفيق
670 ## - SOURCE DATA FOUND
- Source citation: Work cat.: (JO-AjAnu)17520: إعداد المادة العلمية :خبراء مركز الخبرات المهنية للإدارة..بميك ؛ إشراف عبد الرحمن توفيق, author, دليل خطة التسويق=Marketing Manual